| 000 | 00549nam a2200193 i 4500 | ||
|---|---|---|---|
| 001 | 33537 | ||
| 003 | ES-MaACL | ||
| 005 | 20250804062527.0 | ||
| 007 | t| | ||
| 008 | 030202s1976 ag ||||1| spa d | ||
| 100 | 1 |
_aBioy Casares, Adolfo. _928953 |
|
| 245 | 1 | 3 |
_aEl sueño de los héroes / _cAdolfo Bioy Casares. |
| 260 |
_aMadrid, etc. : _bAlianza, etc., _c[1976] |
||
| 300 |
_a178 p. ; _c18 cm. |
||
| 490 | 1 | _aEl libro de bolsillo | |
| 830 | 0 | 3 |
_aEl libro de bolsillo _9177802 |
| 852 |
_aES-MaACL _jA-7891 _bR.96489 |
||
| 999 |
_c33537 _d33537 |
||